000 00667nam a2200241Ia 4500
003 OSt
005 20220918191731.0
006 a|||||r|||| 00| 0
007 ta
008 220917b |||||||| |||| 00| 0 eng d
024 _a64,848
037 _cTextual
040 _aARTS
_cARTS
_beng
041 _2eng
_aeng
082 _aQ4:23, M7
100 _aLokesh Chandra
_94446
245 0 _aSarva tathagata tattva Sangraha
_b introduction and illustrations of mandalas
260 _aDelhi
_bMotilal Banrsidass
_c1987
300 _a214p.
_ccm.
650 _aRELIGION
942 _hQ4:23, M7
_cTEXL
_2CC
999 _c191206
_d191206